000 01289nam a2200349 a 4500
001 000115505
003 CHAP
005 20220329144537.0
008 190530s2018 mx a sm |||||||spa d
010 _a111966
011 _a112938
040 _cCHAP
090 _aTesis
100 1 _aVelázquez Hernández, Azucena.
_9135826
245 1 0 _aSíntesis y caracterización de nanopartículas de magnetita usando almidón y gelatina como agentes de cobertura /
_h[En línea]
_cpor Azucena Velázquez Hernández.
260 _aChapingo, Méx. :
_bEl autor,
_c2018.
500 _aPara ver el contenido del material haga clic en la liga
502 _aTesis (Ing. Agroindustrial) -- UACH. Departamento de Ingeniería Agroindustrial
590 _aBATCH-UPD
_b05
_c20190530
_lUCH01
_h1452
590 _aE11695DGD
_b10
_c20190531
_lUCH01
_h0925
590 _aE8697GMM
_b05
_c20190530
_lUCH01
_h1048
590 _aE8697GMM
_b05
_c20190530
_lUCH01
_h1050
590 _aE8697GMM
_b05
_c20190530
_lUCH01
_h1451
650 1 4 _aAlmidón
_xAnálisis.
_94544
650 1 4 _aEspectroscopía.
_937802
650 1 4 _aMagnetismo.
_969857
650 1 4 _aMinerales
_xAnálisis.
_975932
856 _aFinding aid
_uhttp://10.13.5.2/tesis/sist115505.pdf
_zTeclea aquí
901 _aBK
942 _cTESIS
942 _n0
999 _c111966
_d111966